000 002610000a22000970004500
100 1 _aJorgensen, Knud
245 1 0 _aChristian communication : Remote control or incaration?
300 _aNúm 76 (1996), Páginas 4-7
773 0 _tWorld Evangelization
942 _cANA
999 _c57519
_d57519